Generazioni dei Pokémon - Quiz n°19 - Statistics

Statistiche generali
  • Questo quiz è stato fatto 9 volte
  • Il punteggio medio è 11 su 15
Statistiche sulle risposte
Hint Risposta % Corretto
Gholdengo Nona
100%
Mew Prima
88%
Delcatty Terza
88%
Colloferreo Nona
75%
Vampeaguzze Nona
75%
Cubone Prima
75%
Hitmonchan Prima
75%
Magmortar Quarta
75%
Musharna Quinta
75%
Komala Settima
75%
Leafeon Quarta
63%
Guzzlord Settima
63%
Dustox Terza
50%
Trapinch Terza
50%
Girafarig Seconda
38%
Nessun quiz corrispondente trovato
Distribuzione punteggi
Percentuale di utenti per punteggio
Percentile per numero di risposta
I tuoi punteggi nel tempo
Non hai fatto questo quiz